Eight ghost stories

Αποθηκεύτηκε σε:
Λεπτομέρειες βιβλιογραφικής εγγραφής
Κύριος συγγραφέας: Burton, Samuel H.
Άλλοι συγγραφείς: Newsham, Ian (Εικονογράφος)
Μορφή: Βιβλίο
Γλώσσα:English
Δημοσίευση: Harlow, England : Longman, 1979
Σειρά:Longman structural readers. Fiction ; ; Stage 4
Θέματα:
Ετικέτες: Προσθήκη ετικέτας
Δεν υπάρχουν, Καταχωρήστε ετικέτα πρώτοι!

MARC

LEADER 00000nam a2200000 i 4500
001 1/50374
008 960401s1979 eng d
020 |a 058254078X 
035 |l 10026993 
040 |a GR-MY-UA  |b gre  |e aacr 
041 0 |a eng 
082 0 |a 428.64 
100 1 |a Burton, Samuel H. 
245 1 0 |a Eight ghost stories /  |c Samuel H. Burton 
246 3 3 |a 8 ghost stories 
260 |a Harlow, England :   |b Longman,   |c 1979 
300 |a 73 p. 
490 1 |a Longman structural readers. Fiction  |v ; Stage 4 
650 0 0 |a English language  |x Readers. 
650 0 0 |a English language  |v Textbooks for foreign speakers. 
700 1 |a Newsham, Ian.  |4 ill 
830 0 |a Longman structural readers. Fiction ;  |v ; Stage 4 
852 |a INST  |b CHIOS  |e 19960401  |h 428.64 BUR  |p 005200004864  |q 005200004864  |t BK  |y 0 
909 |a Χ  |b 004815